| 000 | 00352nam a2200133Ia 4500 | ||
|---|---|---|---|
| 008 | 240624s9999 xx 000 0 und d | ||
| 041 | _aeng | ||
| 082 | _a339.5 BEN | ||
| 100 | _aBENASSY JEAN PASCAL | ||
| 245 | _aMONEY INTEREST AND POLICY DYNAMIC GENERA | ||
| 260 |
_c2007 _aLondon _bMIT Press |
||
| 300 | _axvii, : 196 : p. : cm. ; 24 | ||
| 365 |
_c _b25 |
||
| 999 |
_c10848 _d10848 |
||